Za zvířaty do cirkusu /

Hlavní autor: Stránský, Michal, 1966-
Další autoři: Poš, Petr, 1944-2015
Jazyk: Čeština
Vydáno: Praha : Albatros, 1989
Vydání: 1. vyd.
Edice: Omalovánky
Fyzický popis: 1 sv. (nestránkováno)
Knihy
Uloženo v:
LEADER 00789nam a22002532a 4500
001 000370709
003 CZ BrMZK
005 20221114145453.0
007 ta
008 980107s1989 xr f cze d
040 |a BOA001  |b cze  |c BOA001 
080 9 |a 084.1(02.053.2) 
100 1 |a Stránský, Michal,  |d 1966-  |7 mzk2004236890  |4 aut 
245 1 0 |a Za zvířaty do cirkusu /  |c Michal Stránský ; ilustr. Petr Poš 
250 |a 1. vyd. 
260 |a Praha :  |b Albatros,  |c 1989 
300 |a 1 sv. (nestránkováno) 
490 1 |a Omalovánky 
700 1 |a Poš, Petr,  |d 1944-2015  |7 jn20000728520  |4 ill 
830 0 |a Omalovánky 
910 |a BOA001  |b PK-A-0019.367 
990 |a BK 
991 |b 200503 
996 7 |b 3119811187  |c PK-A-0019.367  |l MZK  |r Sklad / do 1 hodiny  |n 1  |w 000370709  |u 000010  |a 1  |e BOA001  |j MZK50  |s A